Memoria de la Secretaría de Hacienda y Crédito Público, 25 de mayo de 1911-22 de febrero de 1913 (Record no. 6456)

MARC details
000 -CABECERA
campo de control de longitud fija 00715nam a2200205 a 4500
001 - NÚMERO DE CONTROL
campo de control BRCA_6773
005 - FECHA Y HORA DE LA ÚLTIMA TRANSACCIÓN
campo de control 20190320205602.0
008 - DATOS DE LONGITUD FIJA--INFORMACIÓN GENERAL
campo de control de longitud fija 261011s1949----mx-#######---#000-0#spa-#
041 ## - CÓDIGO DE LENGUA
Código de lengua del texto/banda sonora o título independiente spa
044 ## - CÓDIGO DEL PAÍS DE LA ENTIDAD EDITORA/PRODUCTORA
Código MARC del país mx
245 10 - MENCIÓN DE TÍTULO
Título Memoria de la Secretaría de Hacienda y Crédito Público, 25 de mayo de 1911-22 de febrero de 1913
Mención de responsabilidad, etc. Secretaria de Hacienda y Crédito Público ; nota preeliminar de Ramón Beteta.
260 ## - PUBLICACIÓN, DISTRIBUCIÓN, ETC.
Lugar de publicación, distribución, etc. México
Nombre del editor, distribuidor, etc. Secretaria de Hacienda y Crédito Público
Fecha de publicación, distribución, etc. 1949
300 ## - DESCRIPCIÓN FÍSICA
Extensión 734 p.
Dimensiones 24 cm.
500 ## - NOTA GENERAL
Nota general I135
650 14 - PUNTO DE ACCESO ADICIONAL DE MATERIA--TÉRMINO DE MATERIA
Término de materia o nombre geográfico como elemento de entrada Finanzas públicas
Subdivisión geográfica México
9 (RLIN) 16897
651 #4 - PUNTO DE ACCESO ADICIONAL DE MATERIA--NOMBRE GEOGRÁFICO
Nombre geográfico México
Subdivisión general Política económica
9 (RLIN) 10395
700 1# - PUNTO DE ACCESO ADICIONAL--NOMBRE DE PERSONA
Nombre de persona Beteta, Ramón
Fecha de publicación/de la obra 1901-1965
9 (RLIN) 16898
902 ## - CATALOGADOR
Iniciales GFM
942 ## - ELEMENTOS DE PUNTO DE ACCESO ADICIONAL (KOHA)
Fuente del sistema de clasificación o colocación Library of Congress Classification
Tipo de ítem Koha Libros
Holdings
Estado de retiro Estado de pérdida Estado dañado No para préstamo Localización permanente Ubicación/localización actual Fecha de adquisición Número de inventario Total de préstamos Signatura topográfica completa Código de barras Fecha visto por última vez Precio válido a partir de Tipo de ítem Koha
El ejemplar forma parte de la colección y puede ser consultado según las políticas vigentes.       Biblioteca del Museo Franz Mayer (Rogerio Casas-Alatriste) Biblioteca del Museo Franz Mayer (Rogerio Casas-Alatriste) 26/10/2011 I135   (I135) 7220 22/03/2019 22/03/2019 Libros